| 000 | 00657nam a22002417a 4500 | ||
|---|---|---|---|
| 003 | UA-OsUOA | ||
| 001 | 54652 | ||
| 007 | ta | ||
| 008 | 20080702b un ||||| |||| 00| 0 ukr d | ||
| 100 | _aВан Хорн Дж | ||
| 700 | _aК. | ||
| 090 |
_a685,15 _bВ17 |
||
| 942 | _cBK | ||
| 040 |
_aUA-OsUOA _brus _cUA-OsUOA _dUA-OsUOA |
||
| 245 | _aОсновы управления финансами | ||
| 300 | _a800 с. | ||
| 955 | _a2 | ||
| 041 | _arus | ||
| 080 | _a685,15 | ||
| 260 |
_aМ. _bФинанси и статистика _c2001 |
||
| 650 | 7 |
_a685 Взуття. Галантерея. Ігрове обладнання _2UDC |
|
| 999 |
_c340731 _d340731 |
||